000 00581nam a2200193Ia 4500
005 20260114185550.0
008 008 260114s9999 xx 000 0 eng d
020 _a9781350094666
037 _aEBOOK
040 _aCRL
_beng
_cCRL
041 _aeng
_2eng
084 _qCRL
100 _aSuzanne Magnanini
_9871638
245 2 _aA Cultural History of Fairy Tales in the Age of the Marvelous
260 _bBloomsbury
_c2021
856 _uhttps://doi.org/10.5040/9781350094666?locatt=label:secondary_bloomsburyCollections
942 _cEBOOK
999 _c1470586
_d1470586